000 00311nam a22001097a 4500
082 _a100
100 _aओशो
245 _aकहै कबीर मैं पूरा पाया
260 _aदिल्‍ली
_bडायमंड बुक्‍स
_c2013
650 _aदशर्न
942 _cHIN
999 _c68355
_d68355